The annals of the American academy of political and social science

Uloženo v:
Podrobná bibliografie
Hlavní autor: Sellin, Thorsten
Médium: Kniha
Jazyk:Undetermined
Vydáno: Washington D. C. Philadelphia 1950
Témata:
Tagy: Přidat tag
Žádné tagy, Buďte první, kdo otaguje tento záznam!
Thư viện lưu trữ: Trung tâm Học liệu Trường Đại học Cần Thơ
LEADER 00555nam a2200181Ia 4500
001 CTU_105273
008 210402s9999 xx 000 0 und d
082 |a 300 
082 |b S467 
100 |a Sellin, Thorsten 
245 4 |a The annals of the American academy of political and social science 
245 0 |c Thorsten Sellin, James C. Chsrlesworth 
260 |a Washington D. C. 
260 |b Philadelphia 
260 |c 1950 
650 |a Social sciences,Political science 
904 |i Hiếu 
980 |a Trung tâm Học liệu Trường Đại học Cần Thơ